formaçao de preços : um enfoque pràtico adaptado à reforma econômica /
Guardado en:
| Autor Principal: | |
|---|---|
| Formato: | Libro |
| Idioma: | Portuguese |
| Publicado: |
San Pablo :
Atlas,
1986.
|
| Etiquetas: |
Agregar Etiqueta
Sin Etiquetas, Sea el primero en etiquetar este registro!
|
| LEADER | 00500nam a22001575a 4500 | ||
|---|---|---|---|
| 001 | EEO.bibeco005607 | ||
| 003 | AR-BaUEB | ||
| 005 | 20110412134609.0 | ||
| 008 | 080718s1986####bl############000#0#por#d | ||
| 245 | 1 | 0 | |a formaçao de preços : |b um enfoque pràtico adaptado à reforma econômica / |c Joel J. dos Santos. |
| 260 | |a San Pablo : |b Atlas, |c 1986. | ||
| 300 | |a 190 p. | ||
| 020 | |a 8522401462 | ||
| 100 | 1 | |a Santos, Joel J. dos. | |
| 082 | 0 | 4 | |a B338.52 |
| 859 | |a AR-BaUEB |b BIB. ECONOMIA - BACIC |h 338.52 |i Sa59 |k B |p e07721 | ||
